Mots de la langue française terminés par "nation" - Statistiques

Statistiques générales
  • Ce quiz a été pris 148 fois
  • Le résultat moyen est 6 sur 25
Statistiques - réponses
Indice Mot % Correct
peuple nation
91%
horreur abomination
62%
arrivée destination
42%
cadeau donation
42%
déflagration détonation
36%
entêtement obstination
35%
craniectomie trépanation
29%
représentation incarnation
26%
sacrilège profanation
19%
voyage pérégrination
18%
complot machination
17%
citation nomination
17%
engourdissement hibernation
16%
invention imagination
16%
révérence prosternation
13%
destruction élimination
12%
envoûtement fascination
11%
mouvement de l'avant-bras et de la main supination
9%
combustion calcination
8%
écoeurement indignation
8%
acte liturgique ordination
8%
choix designation
6%
citation assignation
4%
soumission résignation
3%
protection vaccination
3%
Aucun quiz correspondant
Distribution des résultats
% des personnes avec chaque résultat
Percentile par nombre de réponses
Votre historique - résultats
Vous n’avez pas pris ce quiz